[Event "Scarborough CC Jack Frost"]
[Site "Toronto CAN"]
[Date "2009.01.15"]
[Round "2"]
[White "Wu, Aaron"]
[Black "Krupka, David"]
[Result "1/2-1/2"]
[WhiteElo "1995"]
[BlackElo "2221"]
[PlyCount "76"]
[GameId "2160767910273444"]
[EventDate "2009.01.08"]
[EventType "swiss"]
[EventRounds "7"]
[EventCountry "CAN"]
[SourceTitle "EXT 2011"]
[Source "ChessBase"]
[SourceDate "2011.11.26"]
[SourceVersion "1"]
[SourceVersionDate "2011.11.26"]
[SourceQuality "1"]

1. e4 c5 2. Nf3 e6 3. d4 cxd4 4. Nxd4 Nf6 5. Nc3 Nc6 6. Be3 Bb4 7. Nxc6 bxc6 8. Bd3 d5 9. exd5 exd5 10. Bd2 Qe7+ 11. Qe2 Qxe2+ 12. Bxe2 O-O 13. O-O Bf5 14. a3 Bd6 15. Bd3 Bxd3 16. cxd3 Ng4 17. g3 Ne5 18. Bf4 Nf3+ 19. Kg2 Nh4+ 20. Kh3 Bxf4 21. Kxh4 Be5 22. Rac1 Rfb8 23. Na4 Bxb2 24. Nxb2 Rxb2 25. Rxc6 Rd2 26. Rc3 g6 27. Kg4 Kg7 28. Kf4 Re8 29. h4 Re6 30. f3 h5 31. Rfc1 Rde2 32. g4 Rf6+ 33. Kg3 Re3 34. Rf1 hxg4 35. Kxg4 Ra6 36. Kf4 d4 37. Rb3 Rf6+ 38. Kg4 Ra6 1/2-1/2

[Event "Scarborough CC Jack Frost"]
[Site "Toronto CAN"]
[Date "2009.01.22"]
[Round "3"]
[White "Douglas, Richard"]
[Black "Rutherdale, William"]
[Result "1/2-1/2"]
[WhiteElo "1856"]
[BlackElo "1752"]
[PlyCount "90"]
[GameId "2160767910273445"]
[EventDate "2009.01.08"]
[EventType "swiss"]
[EventRounds "7"]
[EventCountry "CAN"]
[SourceTitle "EXT 2011"]
[Source "ChessBase"]
[SourceDate "2011.11.26"]
[SourceVersion "1"]
[SourceVersionDate "2011.11.26"]
[SourceQuality "1"]

1. e4 c6 2. d4 d5 3. f3 e6 4. Nc3 c5 5. Be3 cxd4 6. Qxd4 Nc6 7. Bb5 Bd7 8. Qd2 a6 9. Bxc6 bxc6 10. Nge2 Bd6 11. O-O Ne7 12. f4 O-O 13. f5 exf5 14. exd5 Nxd5 15. Nxd5 cxd5 16. Qxd5 Qc7 17. Bf4 Qc5+ 18. Qxc5 Bxc5+ 19. Kh1 Bb5 20. Rfe1 Rfe8 21. Ng3 g6 22. b3 f6 23. c4 Bc6 24. h4 Kf7 25. Rxe8 Rxe8 26. a3 Bf2 27. Kh2 Bxg3+ 28. Kxg3 Re2 29. Rg1 Rb2 30. b4 Rb3+ 31. Kf2 Rxa3 32. g3 Rb3 33. Bd2 Rb2 34. Ke2 Ke6 35. Ra1 Bb7 36. Ra5 Rb3 37. Be1 g5 38. hxg5 fxg5 39. b5 axb5 40. Rxb5 Rxb5 41. cxb5 Kd5 42. Bf2 Ke4 43. Be3 f4 44. gxf4 gxf4 45. Bc1 h5 1/2-1/2

[Event "Scarborough CC Jack Frost"]
[Site "Toronto CAN"]
[Date "2009.01.22"]
[Round "3"]
[White "Mesiti, Silvano"]
[Black "Morra, Lui"]
[Result "1-0"]
[WhiteElo "1690"]
[BlackElo "1622"]
[PlyCount "97"]
[GameId "2160767910273446"]
[EventDate "2009.01.08"]
[EventType "swiss"]
[EventRounds "7"]
[EventCountry "CAN"]
[SourceTitle "EXT 2011"]
[Source "ChessBase"]
[SourceDate "2011.11.26"]
[SourceVersion "1"]
[SourceVersionDate "2011.11.26"]
[SourceQuality "1"]

1. e4 c5 2. Nf3 e6 3. Bc4 Nc6 4. O-O Qc7 5. Nc3 a6 6. a4 Nf6 7. d3 Be7 8. Be3 O-O 9. Ne2 d5 10. exd5 exd5 11. Bb3 Bg4 12. Ng3 Ne5 13. Kh1 Nxf3 14. gxf3 Bh3 15. Rg1 c4 16. Ba2 Rad8 17. Qe2 b5 18. axb5 axb5 19. Bb1 d4 20. Bg5 Rfe8 21. Qd2 c3 22. bxc3 dxc3 23. Qf4 Qb6 24. Bxf6 Qxf6 25. Nh5 Qxf4 26. Nxf4 Bf5 27. Ba2 Bd6 28. Nh5 Bg6 29. Ng3 Bxg3 30. fxg3 Re2 31. Rg2 Rde8 32. Bb3 h5 33. h4 Rd2 34. Kg1 Bf5 35. Rxd2 cxd2 36. Kf2 Be6 37. Bxe6 Rxe6 38. Rd1 Kf8 39. Rxd2 Ke7 40. Re2 Kd6 41. Rxe6+ fxe6 42. c3 Kc5 43. Ke3 Kd5 44. Kf4 e5+ 45. Kg5 b4 46. cxb4 Kd4 47. b5 Kc5 48. Kf5 Kxb5 49. Kxe5 1-0

[Event "Scarborough CC Jack Frost"]
[Site "Toronto CAN"]
[Date "2009.01.22"]
[Round "3"]
[White "Moffat, Andrei"]
[Black "Hall, John2"]
[Result "1-0"]
[WhiteElo "2092"]
[BlackElo "2208"]
[PlyCount "74"]
[GameId "2160767910273447"]
[EventDate "2009.01.08"]
[EventType "swiss"]
[EventRounds "7"]
[EventCountry "CAN"]
[SourceTitle "EXT 2011"]
[Source "ChessBase"]
[SourceDate "2011.11.26"]
[SourceVersion "1"]
[SourceVersionDate "2011.11.26"]
[SourceQuality "1"]

1. e4 e5 2. Nf3 Nf6 3. Nxe5 d6 4. Nxf7 Kxf7 5. d4 c5 6. Nc3 cxd4 7. Bc4+ Be6 8. Bxe6+ Kxe6 9. Qxd4 Nc6 10. Qc4+ Kd7 11. Bf4 Qe8 12. O-O-O Nh5 13. Bxd6 Kc8 14. e5 Bxd6 15. Qg4+ Kb8 16. exd6 Qg6 17. Qxg6 hxg6 18. Nb5 a6 19. Nc7 Ra7 20. Rhe1 Nf6 21. h3 b6 22. Rd3 Rd8 23. a3 Kc8 24. Ree3 Kd7 25. f4 Rf8 26. g3 Ne8 27. Nd5 Nxd6 28. Nxb6+ Kc7 29. Nd5+ Kb8 30. Re6 Rd8 31. b3 Na5 32. c4 Nc8 33. Rxg6 Rb7 34. Kc2 Re8 35. Rxa6 Nxc4 36. bxc4 Re2+ 37. Kc3 Rb1 1-0

[Event "Scarborough CC Jack Frost"]
[Site "Toronto CAN"]
[Date "2009.01.22"]
[Round "3"]
[White "Moran-Venegas, Mario"]
[Black "Armstrong, Robert J"]
[Result "0-1"]
[WhiteElo "1766"]
[BlackElo "1845"]
[PlyCount "60"]
[GameId "2160767910273448"]
[EventDate "2009.01.08"]
[EventType "swiss"]
[EventRounds "7"]
[EventCountry "CAN"]
[SourceTitle "EXT 2011"]
[Source "ChessBase"]
[SourceDate "2011.11.26"]
[SourceVersion "1"]
[SourceVersionDate "2011.11.26"]
[SourceQuality "1"]

1. e4 g6 2. d4 Bg7 3. f4 d6 4. Nc3 Nf6 5. Nf3 O-O 6. Bc4 Nxe4 7. Bxf7+ Rxf7 8. Nxe4 h6 9. O-O Bf5 10. Ng3 e6 11. c3 Nd7 12. Nxf5 exf5 13. Re1 Qf8 14. Qb3 b6 15. Bd2 Kh7 16. Qe6 Nf6 17. Nh4 Re8 18. Qc4 Ne4 19. Be3 Rfe7 20. Nf3 Qf6 21. d5 Nc5 22. Bf2 Rxe1+ 23. Rxe1 Rxe1+ 24. Bxe1 Qe7 25. g3 Qe3+ 26. Bf2 Qxf3 27. Bxc5 bxc5 28. Qb3 g5 29. fxg5 hxg5 30. Qc4 Kg6 0-1

[Event "Scarborough CC Jack Frost"]
[Site "Toronto CAN"]
[Date "2009.01.22"]
[Round "3"]
[White "Moysoski, Randy"]
[Black "Kurkowski, Ken"]
[Result "1-0"]
[WhiteElo "1860"]
[BlackElo "1695"]
[PlyCount "166"]
[GameId "2160767910273449"]
[EventDate "2009.01.08"]
[EventType "swiss"]
[EventRounds "7"]
[EventCountry "CAN"]
[SourceTitle "EXT 2011"]
[Source "ChessBase"]
[SourceDate "2011.11.26"]
[SourceVersion "1"]
[SourceVersionDate "2011.11.26"]
[SourceQuality "1"]

1. e4 c5 2. Nc3 Nc6 3. g3 g6 4. Bg2 Bg7 5. d3 d6 6. Nh3 e5 7. O-O Nge7 8. f4 exf4 9. Bxf4 O-O 10. Qd2 Bg4 11. Nf2 Be6 12. Ncd1 Ne5 13. h3 Qd7 14. c3 Rad8 15. Ne3 d5 16. Rfd1 b6 17. Qe2 d4 18. Nc2 N7c6 19. c4 Rfe8 20. Ne1 f5 21. exf5 Bxf5 22. Qd2 Be6 23. Qc2 Ne7 24. g4 h6 25. Qe2 N7c6 26. Ne4 g5 27. Bg3 Ng6 28. Qd2 Nce5 29. Nf3 Nxf3+ 30. Bxf3 Ne5 31. Be2 Rf8 32. Rf1 Rxf1+ 33. Rxf1 Qe7 34. a3 a5 35. Kg2 Rf8 36. Rb1 Bd7 37. b4 Bc6 38. bxc5 bxc5 39. Rf1 Rxf1 40. Kxf1 Nxd3 41. Bxd3 Bxe4 42. Be2 Qf7+ 43. Kg1 Qb7 44. Qxa5 Qb1+ 45. Qe1 Qxe1+ 46. Bxe1 Kf7 47. Kf2 Ke6 48. Bf3 Bxf3 49. Kxf3 Kd6 50. Ke4 Kc6 51. a4 Kb6 52. Kd5 Bf8 53. Bd2 Be7 54. Ke6 Bf8 55. Be1 Bg7 56. Kf7 Be5 57. Ke6 Bf4 58. Kd5 d3 59. a5+ Ka6 60. Kxc5 d2 61. Bxd2 Bxd2 62. Kd5 Kxa5 63. c5 Bf4 64. Kc4 Ka6 65. Kb4 Kb7 66. Kb5 Kc7 67. c6 Kd6 68. Kb6 Ke6 69. Kb7 Kf6 70. Kc8 Kg6 71. Kd7 h5 72. c7 Bxc7 73. Kxc7 hxg4 74. hxg4 Kf6 75. Kd6 Kf7 76. Kc5 Ke6 77. Kd4 Kd6 78. Ke4 Ke6 79. Kd3 Kd5 80. Kd2 Kc4 81. Kc1 Kb3 82. Kb1 Kb4 83. Kc2 Kc4 1-0

[Event "Scarborough CC Jack Frost"]
[Site "Toronto CAN"]
[Date "2009.01.22"]
[Round "3"]
[White "Wilker, Marcus"]
[Black "Jizan, Masoud"]
[Result "1-0"]
[WhiteElo "1870"]
[BlackElo "1636"]
[PlyCount "29"]
[GameId "2160767910273450"]
[EventDate "2009.01.08"]
[EventType "swiss"]
[EventRounds "7"]
[EventCountry "CAN"]
[SourceTitle "EXT 2011"]
[Source "ChessBase"]
[SourceDate "2011.11.26"]
[SourceVersion "1"]
[SourceVersionDate "2011.11.26"]
[SourceQuality "1"]

1. e4 c6 2. d4 d5 3. Nc3 g6 4. e5 Bg7 5. Qf3 f6 6. Bf4 Qb6 7. O-O-O Nd7 8. Qg3 Bh6 9. Nge2 fxe5 10. dxe5 Bxf4+ 11. Nxf4 Nh6 12. Nfxd5 cxd5 13. Nxd5 Nf5 14. Qc3 Nc5 15. Nxb6 1-0

[Event "Scarborough CC Jack Frost"]
[Site "Toronto CAN"]
[Date "2009.01.22"]
[Round "3"]
[White "Yuan, Yuanling"]
[Black "Sellars, Karl"]
[Result "1-0"]
[WhiteElo "2246"]
[BlackElo "2196"]
[PlyCount "120"]
[GameId "2160767910273451"]
[EventDate "2009.01.08"]
[EventType "swiss"]
[EventRounds "7"]
[EventCountry "CAN"]

1. e4 c5 2. Nf3 d6 3. d4 Nf6 4. Nc3 g6 5. Be3 cxd4 6. Nxd4 Bg7 7. f3 O-O 8. Qd2 Nc6 9. Bc4 Bd7 10. h4 Rc8 11. Bb3 h5 12. O-O-O Ne5 13. Bg5 Re8 14. g4 hxg4 15. f4 Nc4 16. Qe2 Qc7 17. Rd3 Qc5 18. Rhd1 b5 19. Bxf6 exf6 20. Qh2 f5 21. exf5 Bxf5 22. Nxf5 gxf5 23. Bxc4 bxc4 24. Rd5 Qe3+ 25. Qd2 Bxc3 26. bxc3 Qxd2+ 27. Kxd2 Rc5 28. Rxd6 Re4 29. Rd4 Kg7 30. Rxe4 fxe4 31. Ke3 Kg6 32. Kd4 f5 33. Ke3 Kh5 34. Kf2 Ra5 35. Rd4 Kxh4 36. Rd8 Kh5 37. Rh8+ Kg6 38. Rg8+ Kf6 39. Rc8 Rxa2 40. Rxc4 Ke6 41. Rc5 Rxc2+ 42. Kg3 a5 43. Rxa5 Rxc3+ 44. Kg2 Rf3 45. Ra4 Kf6 46. Ra6+ Kg7 47. Ra4 Kg6 48. Ra6+ Kh5 49. Ra4 Kh4 50. Ra8 Rxf4 51. Rh8+ Kg5 52. Rg8+ Kf6 53. Kg3 Rf3+ 54. Kg2 Rb3 55. Ra8 f4 56. Ra5 Rb2+ 57. Kg1 g3 58. Ra3 Kf5 59. Ra5+ Kg4 60. Ra8 Rb1+ 1-0

[Event "Scarborough CC Jack Frost"]
[Site "Toronto CAN"]
[Date "2009.01.29"]
[Round "4"]
[White "Arfin, Sam"]
[Black "Ferreira, Alex"]
[Result "1/2-1/2"]
[WhiteElo "1893"]
[BlackElo "2017"]
[PlyCount "50"]
[GameId "2160767910273452"]
[EventDate "2009.01.08"]
[EventType "swiss"]
[EventRounds "7"]
[EventCountry "CAN"]
[SourceTitle "EXT 2011"]
[Source "ChessBase"]
[SourceDate "2011.11.26"]
[SourceVersion "1"]
[SourceVersionDate "2011.11.26"]
[SourceQuality "1"]

1. d4 d6 2. e4 e5 3. Nf3 Bg4 4. Bc4 Bxf3 5. Qxf3 Nf6 6. dxe5 dxe5 7. O-O Be7 8. Qb3 O-O 9. Qxb7 Nbd7 10. Be3 Nb6 11. Bxb6 axb6 12. Nc3 Bc5 13. Rad1 Qe7 14. Nd5 Nxd5 15. Rxd5 h5 16. Qc6 Qh4 17. Rd7 Rac8 18. Qg6 Be7 19. g3 Qg5 20. Qxg5 Bxg5 21. Rfd1 h4 22. Ba6 Ra8 23. Bc4 hxg3 24. hxg3 Rac8 25. Ba6 Ra8 1/2-1/2

[Event "Scarborough CC Jack Frost"]
[Site "Toronto CAN"]
[Date "2009.01.29"]
[Round "4"]
[White "Armstrong, Robert J"]
[Black "Krupka, David"]
[Result "0-1"]
[WhiteElo "1845"]
[BlackElo "2221"]
[PlyCount "66"]
[GameId "2160767910273453"]
[EventDate "2009.01.08"]
[EventType "swiss"]
[EventRounds "7"]
[EventCountry "CAN"]
[SourceTitle "EXT 2011"]
[Source "ChessBase"]
[SourceDate "2011.11.26"]
[SourceVersion "1"]
[SourceVersionDate "2011.11.26"]
[SourceQuality "1"]

1. d4 d5 2. c4 e5 3. dxe5 d4 4. Nf3 Nc6 5. a3 Bg4 6. Qb3 Qd7 7. Qxb7 Rb8 8. Qa6 f6 9. exf6 Nxf6 10. Nbd2 Bd6 11. h3 Bf5 12. Qa4 a5 13. g3 O-O 14. c5 Bxc5 15. Qc4+ Qd5 16. Bg2 Be6 17. Qxd5 Bxd5 18. O-O Rbe8 19. Re1 Re7 20. Nf1 Rb8 21. Nh4 Bxg2 22. Nxg2 Ne5 23. Nh2 Nc4 24. Bg5 Bd6 25. Bxf6 gxf6 26. Ng4 Kf7 27. Nf4 Bxf4 28. gxf4 Rxb2 29. e4 Nd2 30. Kg2 Nxe4 31. Rab1 Rxb1 32. Rxb1 Nc3 33. Kf3 Nxb1 0-1

[Event "Scarborough CC Jack Frost"]
[Site "Toronto CAN"]
[Date "2009.01.29"]
[Round "4"]
[White "Hall, John2"]
[Black "Morra, Lui"]
[Result "1-0"]
[WhiteElo "2208"]
[BlackElo "1622"]
[PlyCount "79"]
[GameId "2160767910273454"]
[EventDate "2009.01.08"]
[EventType "swiss"]
[EventRounds "7"]
[EventCountry "CAN"]
[SourceTitle "EXT 2011"]
[Source "ChessBase"]
[SourceDate "2011.11.26"]
[SourceVersion "1"]
[SourceVersionDate "2011.11.26"]
[SourceQuality "1"]

1. d4 Nf6 2. Nf3 g6 3. c4 Bg7 4. Nc3 d6 5. Bg5 O-O 6. e3 c5 7. d5 Qa5 8. Bd3 Na6 9. O-O e6 10. a3 exd5 11. cxd5 Nc7 12. e4 b5 13. Nd2 Qb6 14. h3 b4 15. Nc4 Qb8 16. axb4 cxb4 17. Ne2 Nb5 18. Bf4 Re8 19. Ng3 Bd7 20. Ra6 Qc8 21. Ra5 Qd8 22. Qa1 Rc8 23. Nxd6 Nxd6 24. Bxd6 h5 25. e5 Nh7 26. f4 Qh4 27. Kh2 g5 28. Bxh7+ Kxh7 29. fxg5 Bxh3 30. g6+ fxg6 31. Rxa7 Rc2 32. Rxg7+ Kxg7 33. Qa7+ Kh6 34. Qe3+ Kh7 35. Rf2 Bf5+ 36. Kg1 Ra8 37. Rxc2 Bxc2 38. Nf1 Ra1 39. e6 Qc4 40. Qf2 1-0

[Event "Scarborough CC Jack Frost"]
[Site "Toronto CAN"]
[Date "2009.01.29"]
[Round "4"]
[White "Kurkowski, Ken"]
[Black "Jizan, Masoud"]
[Result "0-1"]
[WhiteElo "1695"]
[BlackElo "1636"]
[PlyCount "68"]
[GameId "2160767910273455"]
[EventDate "2009.01.08"]
[EventType "swiss"]
[EventRounds "7"]
[EventCountry "CAN"]
[SourceTitle "EXT 2011"]
[Source "ChessBase"]
[SourceDate "2011.11.26"]
[SourceVersion "1"]
[SourceVersionDate "2011.11.26"]
[SourceQuality "1"]

1. d4 Nf6 2. c4 e6 3. Nc3 Nc6 4. e4 Bb4 5. f3 d5 6. e5 Nh5 7. Be3 g5 8. a3 Be7 9. Qd2 f6 10. f4 h6 11. Be2 Ng7 12. Bf3 Na5 13. cxd5 Nb3 14. Qd1 Nxa1 15. dxe6 Nxe6 16. Nge2 gxf4 17. Nxf4 Nxf4 18. Bxf4 Qxd4 19. Bh5+ Kf8 20. Rf1 Qxd1+ 21. Bxd1 f5 22. Nd5 Bd7 23. e6 Bb5 24. Nxc7 Bxf1 25. Nxa8 Bxg2 26. Be5 Rg8 27. b4 Be4 28. Bxa1 Rg1+ 29. Ke2 Bd3+ 30. Kd2 Bg5+ 31. Kc3 Rxd1 32. Kd4 Be4+ 33. Kc4 Bd5+ 34. Kc3 Rxa1 0-1

[Event "Scarborough CC Jack Frost"]
[Site "Toronto CAN"]
[Date "2009.01.29"]
[Round "4"]
[White "Rutherdale, William"]
[Black "Moysoski, Randy"]
[Result "0-1"]
[WhiteElo "1752"]
[BlackElo "1860"]
[PlyCount "66"]
[GameId "2160767910273456"]
[EventDate "2009.01.08"]
[EventType "swiss"]
[EventRounds "7"]
[EventCountry "CAN"]
[SourceTitle "EXT 2011"]
[Source "ChessBase"]
[SourceDate "2011.11.26"]
[SourceVersion "1"]
[SourceVersionDate "2011.11.26"]
[SourceQuality "1"]

1. d4 Nf6 2. c4 e5 3. dxe5 Ng4 4. Nf3 Nc6 5. Nc3 Ngxe5 6. e3 d6 7. Be2 g6 8. b3 Bg7 9. Bb2 O-O 10. O-O b6 11. Qd2 a5 12. Rfd1 Bb7 13. a3 Rb8 14. Nb5 Qe7 15. Rac1 h6 16. Qc2 Rfe8 17. Re1 Bf8 18. Rcd1 Ng4 19. Qc3 Nge5 20. Rd2 Bg7 21. Qc2 Rbd8 22. Red1 Bc8 23. Nxe5 Nxe5 24. b4 axb4 25. axb4 Be6 26. c5 bxc5 27. bxc5 d5 28. Nd4 Rb8 29. f4 Ng4 30. Nc6 Qh4 31. Bxg4 Rxb2 32. Qc1 Rxd2 33. Qxd2 Qxg4 0-1

[Event "Scarborough CC Jack Frost"]
[Site "Toronto CAN"]
[Date "2009.01.29"]
[Round "4"]
[White "Sellars, Karl"]
[Black "Derraugh, Geordie"]
[Result "1-0"]
[WhiteElo "2196"]
[BlackElo "2090"]
[PlyCount "115"]
[GameId "2160767910273457"]
[EventDate "2009.01.08"]
[EventType "swiss"]
[EventRounds "7"]
[EventCountry "CAN"]
[SourceTitle "EXT 2011"]
[Source "ChessBase"]
[SourceDate "2011.11.26"]
[SourceVersion "1"]
[SourceVersionDate "2011.11.26"]
[SourceQuality "1"]

1. d4 Nf6 2. c4 e5 3. dxe5 Ng4 4. Bf4 Nc6 5. Nf3 Bb4+ 6. Nbd2 Qe7 7. e3 Ngxe5 8. Nxe5 Bxd2+ 9. Qxd2 Nxe5 10. Qc3 d6 11. c5 O-O 12. cxd6 cxd6 13. Be2 Bf5 14. O-O Rfd8 15. Rac1 Rac8 16. Qa3 a6 17. Bg3 Kf8 18. f3 Nc6 19. Rfd1 d5 20. Qc5 Nb4 21. Qxe7+ Kxe7 22. Rxc8 Bxc8 23. Be1 Nc6 24. Bc3 f6 25. h4 b5 26. a3 Be6 27. Kf2 Rb8 28. Rc1 Kd6 29. Bd3 h6 30. g4 b4 31. axb4 Nxb4 32. Bb1 Nc6 33. Kg3 Ne5 34. Rc2 h5 35. gxh5 Bf5 36. Rc1 Bxb1 37. Rxb1 Rh8 38. Ra1 Rxh5 39. Rxa6+ Ke7 40. Ra7+ Nd7 41. b4 Rh8 42. Kg4 Ke6 43. f4 Rc8 44. Bd4 Rc1 45. f5+ Kd6 46. b5 Rb1 47. b6 Kc6 48. Rc7+ Kd6 49. Kh5 Rg1 50. Rc8 Rb1 51. Kg6 Nxb6 52. Rb8 Rg1+ 53. Kf7 Nd7 54. Rd8 Kc7 55. Rg8 Rf1 56. Rxg7 Kc6 57. Ke6 Nb8 58. Bxf6 1-0

[Event "Scarborough CC Jack Frost"]
[Site "Toronto CAN"]
[Date "2009.02.05"]
[Round "5"]
[White "Derraugh, Geordie"]
[Black "Ferreira, Alex"]
[Result "1-0"]
[WhiteElo "2090"]
[BlackElo "2017"]
[PlyCount "79"]
[GameId "2160767910273458"]
[EventDate "2009.01.08"]
[EventType "swiss"]
[EventRounds "7"]
[EventCountry "CAN"]
[SourceTitle "EXT 2011"]
[Source "ChessBase"]
[SourceDate "2011.11.26"]
[SourceVersion "1"]
[SourceVersionDate "2011.11.26"]
[SourceQuality "1"]

1. d4 d6 2. e4 g6 3. Nc3 Bg7 4. h3 e5 5. dxe5 Bxe5 6. Nf3 Bg7 7. Bc4 Be6 8. Bxe6 fxe6 9. Qe2 Nc6 10. Qc4 Qd7 11. Ng5 Nd4 12. Ne2 b5 13. Qd3 Nxe2 14. Qxe2 Nh6 15. O-O O-O 16. f4 Nf7 17. Nf3 e5 18. f5 gxf5 19. exf5 d5 20. g4 e4 21. Nh4 Bf6 22. Ng2 Ne5 23. Nf4 Nf3+ 24. Kh1 Kh8 25. Rd1 Nd4 26. Qf2 Nf3 27. Rxd5 Qf7 28. c3 c6 29. Rd1 Rad8 30. Be3 Bh4 31. Qc2 Rxd1+ 32. Rxd1 Re8 33. Ne6 Rxe6 34. fxe6 Qxe6 35. Bxa7 e3 36. Qe2 Bf2 37. Qxf3 e2 38. Qf8+ Qg8 39. Qf6+ Qg7 40. Rd8# 1-0

[Event "Scarborough CC Jack Frost"]
[Site "Toronto CAN"]
[Date "2009.02.05"]
[Round "5"]
[White "Morra, Lui"]
[Black "Kurkowski, Ken"]
[Result "1-0"]
[WhiteElo "1622"]
[BlackElo "1695"]
[PlyCount "80"]
[GameId "2160767910273459"]
[EventDate "2009.01.08"]
[EventType "swiss"]
[EventRounds "7"]
[EventCountry "CAN"]
[SourceTitle "EXT 2011"]
[Source "ChessBase"]
[SourceDate "2011.11.26"]
[SourceVersion "1"]
[SourceVersionDate "2011.11.26"]
[SourceQuality "1"]

1. e4 c5 2. Nf3 Nc6 3. d4 cxd4 4. Nxd4 Nf6 5. Nc3 e6 6. Ndb5 Bb4 7. Nd6+ Ke7 8. Nxc8+ Rxc8 9. Bd3 Bxc3+ 10. bxc3 Qa5 11. Bd2 Rhd8 12. O-O a6 13. f4 d5 14. e5 Ne4 15. Qe1 Nxd2 16. Qxd2 d4 17. Qe1 dxc3 18. Qh4+ Kf8 19. Qxh7 Nd4 20. Qh8+ Ke7 21. Qxg7 Rg8 22. Qf6+ Kf8 23. Be4 Qc5 24. Kh1 Qe7 25. Qh6+ Rg7 26. Rad1 Nf5 27. Bxf5 exf5 28. Rd3 Qe6 29. Qh4 Rg4 30. Qh3 Qg6 31. Rd6 Qg7 32. Rfd1 Rxf4 33. Rh6 Ke7 34. Rhd6 Rg8 35. Rd7+ Ke8 36. e6 Qxg2+ 37. Qxg2 Rxg2 38. exf7+ Kf8 39. Kxg2 Rg4+ 40. Kf3 Rg7 1-0

[Event "Scarborough CC Jack Frost"]
[Site "Toronto CAN"]
[Date "2009.02.05"]
[Round "5"]
[White "Moysoski, Randy"]
[Black "Wu, Aaron"]
[Result "1-0"]
[WhiteElo "1860"]
[BlackElo "1995"]
[PlyCount "109"]
[GameId "2160767910273460"]
[EventDate "2009.01.08"]
[EventType "swiss"]
[EventRounds "7"]
[EventCountry "CAN"]
[SourceTitle "EXT 2011"]
[Source "ChessBase"]
[SourceDate "2011.11.26"]
[SourceVersion "1"]
[SourceVersionDate "2011.11.26"]
[SourceQuality "1"]

1. e4 c5 2. Nc3 Nc6 3. f4 d6 4. g3 g6 5. Bg2 Bg7 6. Nh3 Nf6 7. Nf2 h5 8. h3 Bd7 9. d3 Qb6 10. O-O O-O-O 11. a3 e6 12. Na2 Ng8 13. c3 f5 14. Qc2 h4 15. gxh4 Rxh4 16. Be3 Qc7 17. b4 g5 18. Nh1 gxf4 19. Rxf4 Rxf4 20. Bxf4 Bh6 21. Bh2 f4 22. bxc5 dxc5 23. Nc1 e5 24. Nb3 Nb8 25. Qf2 Na6 26. d4 Ba4 27. Nd2 cxd4 28. c4 Qe7 29. Qf3 Nf6 30. Nf2 Rg8 31. Kh1 Nc5 32. Nd3 Nxd3 33. Qxd3 Nh5 34. Nf1 Ng3+ 35. Bxg3 fxg3 36. Qf3 Bd7 37. Nxg3 Qg5 38. Nf5 Bxf5 39. exf5 Qxg2+ 40. Qxg2 Rxg2 41. Kxg2 e4 42. f6 Kd7 43. Rd1 d3 44. Rb1 b6 45. a4 Ke6 46. Rb5 Kxf6 47. Rd5 Bf4 48. h4 d2 49. Kf1 e3 50. Ke2 Be5 51. Rd7 a5 52. h5 Kg5 53. Rd5 Kf4 54. h6 Bc3 55. Rd8 1-0

[Event "Scarborough CC Jack Frost"]
[Site "Toronto CAN"]
[Date "2009.02.05"]
[Round "5"]
[White "Paterson, Jim"]
[Black "Armstrong, Robert J"]
[Result "0-1"]
[WhiteElo "1809"]
[BlackElo "1845"]
[PlyCount "66"]
[GameId "2160767910273461"]
[EventDate "2009.01.08"]
[EventType "swiss"]
[EventRounds "7"]
[EventCountry "CAN"]
[SourceTitle "EXT 2011"]
[Source "ChessBase"]
[SourceDate "2011.11.26"]
[SourceVersion "1"]
[SourceVersionDate "2011.11.26"]
[SourceQuality "1"]

1. b3 Nf6 2. Bb2 g6 3. g4 Bg7 4. g5 Nh5 5. Bxg7 Nxg7 6. f4 e5 7. e3 d5 8. Nc3 O-O 9. Qf3 exf4 10. Nxd5 Qxg5 11. Nxc7 Qe5 12. Nxa8 Qxa1+ 13. Kf2 fxe3+ 14. dxe3 Qe5 15. Bd3 Nc6 16. Qf4 Ne6 17. Qxe5 Nxe5 18. Be4 Nc5 19. Bd5 Bf5 20. Nc7 Bxc2 21. Nh3 Rc8 22. Nb5 Be4 23. Bxe4 Nxe4+ 24. Ke2 Rc2+ 25. Kf1 Rxa2 26. Nd4 Ng4 27. Rg1 Nxe3+ 28. Ke1 a5 29. Nf4 Rd2 30. Rg3 Rd1+ 31. Ke2 Nxg3+ 32. Kxe3 Nf1+ 33. Ke4 Nxh2 0-1

[Event "Scarborough CC Jack Frost"]
[Site "Toronto CAN"]
[Date "2009.02.05"]
[Round "5"]
[White "Rapoport, Alexander"]
[Black "Beal, Greg"]
[Result "1/2-1/2"]
[WhiteElo "1899"]
[BlackElo "1822"]
[PlyCount "106"]
[GameId "2160767910273462"]
[EventDate "2009.01.08"]
[EventType "swiss"]
[EventRounds "7"]
[EventCountry "CAN"]

1. d4 d5 2. Nf3 Nf6 3. e3 e6 4. c4 c6 5. Nc3 Nbd7 6. Qc2 Bd6 7. Bd2 O-O 8. b3 h6 9. Bd3 Re8 10. O-O e5 11. cxd5 cxd5 12. Nb5 Bb8 13. dxe5 Nxe5 14. Nxe5 Bxe5 15. Rac1 Bd7 16. Bb4 Rc8 17. Qe2 Qb6 18. a4 a6 19. a5 Qe6 20. Rxc8 Rxc8 21. Nd4 Bxd4 22. exd4 Qxe2 23. Bxe2 Rc2 24. Bd3 Rb2 25. Rb1 Rxb1+ 26. Bxb1 Be6 27. f3 Nd7 28. Kf2 Nb8 29. Ke3 Nc6 30. Be1 Kf8 31. f4 f6 32. f5 Bf7 33. Bd3 Ke7 34. b4 Na7 35. h4 Bh5 36. Kf4 Nc6 37. g4 Be8 38. Bc3 Na7 39. Be1 Nc6 40. Ke3 Na7 41. Be2 Nb5 42. Kd3 Nd6 43. Bf3 Bb5+ 44. Kc3 Ne4+ 45. Bxe4 dxe4 46. d5 Be2 47. Kd4 Bf3 48. Bd2 Kd7 49. g5 hxg5 50. hxg5 fxg5 51. Bxg5 Bg2 52. Bf4 Bf3 53. Be5 e3 1/2-1/2

[Event "Scarborough CC Jack Frost"]
[Site "Toronto CAN"]
[Date "2009.02.05"]
[Round "5"]
[White "Rutherdale, William"]
[Black "Bellomo, Joe"]
[Result "1/2-1/2"]
[WhiteElo "1752"]
[BlackElo "1844"]
[PlyCount "89"]
[GameId "2160767910273463"]
[EventDate "2009.01.08"]
[EventType "swiss"]
[EventRounds "7"]
[EventCountry "CAN"]
[SourceTitle "EXT 2011"]
[Source "ChessBase"]
[SourceDate "2011.11.26"]
[SourceVersion "1"]
[SourceVersionDate "2011.11.26"]
[SourceQuality "1"]

1. d4 Nf6 2. c4 e6 3. Nc3 b6 4. Nf3 Bb7 5. e3 Be7 6. Be2 O-O 7. O-O d5 8. Bd2 Nbd7 9. cxd5 exd5 10. Qc2 c5 11. Rab1 Rc8 12. Qf5 g6 13. Qh3 Ne4 14. Rfd1 Nxd2 15. Rxd2 c4 16. Rdd1 a6 17. Rbc1 b5 18. a3 Rc7 19. Qg3 Nf6 20. Ne5 Ne4 21. Nxe4 dxe4 22. Rc3 Bd6 23. Qh3 Bc8 24. Bg4 f5 25. Be2 Bxe5 26. dxe5 Qe7 27. Qg3 Rc5 28. Rdc1 Be6 29. Rd1 Rd8 30. Rd6 Rd5 31. Rxa6 Rd1+ 32. Bf1 b4 33. axb4 Qd7 34. Rd6 Rxd6 35. exd6 Qc6 36. Qe5 Rxd6 37. Qc5 Qd7 38. g3 Rd5 39. Qxc4 Rd1 40. Qc6 Rxf1+ 41. Kxf1 Qd1+ 42. Kg2 Qf3+ 43. Kh3 Qg4+ 44. Kg2 Qf3+ 45. Kg1 1/2-1/2